| 000 | 01432nam a2200385Ia 4500 | ||
|---|---|---|---|
| 005 | 20210505174601.0 | ||
| 008 | 130821s2002 ck gr spa | ||
| 020 | _a9586824446 | ||
| 020 | _a9586821927 | ||
| 040 |
_aCo-BoUCM _bspa _cDeissy Garcia (modificó) _d[Nuevo] |
||
| 041 | 0 | 0 | _aspa |
| 245 | 0 | 0 |
_aPreparar el futuro conflicto y post-conflicto en Colombia _cAngelica Rettberg, coordinadora, Álvaro Camacho...[et al.] |
| 260 |
_aBogotá (Colombia) _bAlfaomega _c2002 |
||
| 300 | _axxii, 40 páginas | ||
| 490 | _aLibros de Cambio | ||
| 650 | 0 | 4 |
_aArmisticios _zColombia _99359 |
| 650 | 0 | 4 |
_aAsistencia pública _zColombia _99656 |
| 650 | 0 | 4 |
_aJusticia social _zColombia _981609 |
| 650 | 0 | 4 |
_aLuchas sociales _zColombia _918818 |
| 650 | 0 | 4 |
_aPaz _zColombia _921206 |
| 650 | 0 | 4 |
_aSociología _9386 |
| 650 | 0 | 4 |
_aSolución de conflictos _vAspectos sociales _zColombia _924842 |
| 650 | 0 | 4 |
_aTratados de paz _925820 |
| 651 |
_aColombia _xPolítica económica _927576 |
||
| 651 |
_aColombia _xPolítica social _927556 |
||
| 700 | 1 |
_aCamacho, Alvaro _964611 |
|
| 700 | 1 |
_aChaux, Enrique _951693 |
|
| 700 | 1 |
_aGarcia, Arturo _9103311 |
|
| 700 | 1 |
_aRettberg, Angelika. _9103312 |
|
| 700 | 1 |
_aSaenz de Santamaria, Alejandro _944470 |
|
| 710 |
_aFundación Ideas Por La Paz _9103313 |
||
| 710 | 1 |
_aUniversidad de Los Andes _94715 |
|
| 942 |
_cLIBRO _a5 _e1 _mP927 _2DEWEY _h361.9861 _n0 |
||
| 999 |
_c34877 _d34877 |
||